zpět

Detail výsledku týmu

Bar U Souseda ÚT, Plzeň

Datum a čas kvízu

42 Celkem bodů Celkový počet nahraných bodů na tomto kvízu bez doplňovacích otázek.
7. Pořadí na kvízu Konečné umístění týmu na tomto kvízu.

Zaznamenané odpovědi

# Otázka Odpověď Body Výsledky
1. Na rozehřátí po vás budeme cht... Venca Novák, dr. Zatloukal, Pan Babula 1
2. Křestní jméno dr. Práška zazní... Jindřich 1
3. Ve třetí otázce nás zajímají k... Jana, Marie 1
4. Dr. Zatloukal to nemá lehké, n... 1D 2B 3C 4A 1
5. Doktor Prášek se ke své profes... na patologii 1
6. Seřaďte tyto herce účinkující... 1B 2A 3C 4D 1
7. Který z hlavních herců je abst... Jiří Menzel 1
8. V každé práci platí, že někdo... Jaroslav Dudek 0
9. Kdo se objevil v roli herce v... Jiří Wimmer 1
10. Jeden český herec, jenž v seri... Marek Eben 1